प्रतिध्वनि / (Record no. 117982)
[ view plain ]
| 000 -LEADER | |
|---|---|
| fixed length control field | 00916nam a22002537a 4500 |
| 005 - DATE AND TIME OF LATEST TRANSACTION | |
| control field | 20170124103104.0 |
| 010 ## - LIBRARY OF CONGRESS CONTROL NUMBER | |
| LC control number | 731854 |
| 020 ## - INTERNATIONAL STANDARD BOOK NUMBER | |
| Terms of availability | 3.00 |
| 035 ## - SYSTEM CONTROL NUMBER | |
| System control number | 731854 |
| 037 ## - SOURCE OF ACQUISITION | |
| Source of stock number/acquisition | Cen Lib/Ret |
| 040 ## - CATALOGING SOURCE | |
| Original cataloging agency | DPL |
| Language of cataloging | HN |
| 082 ## - DEWEY DECIMAL CLASSIFICATION NUMBER | |
| Classification number | 821 |
| Item number | रघुवी |
| 100 ## - MAIN ENTRY--PERSONAL NAME | |
| Personal name | रघुवीर शरण |
| 9 (RLIN) | 77803 |
| 245 ## - TITLE STATEMENT | |
| Title | प्रतिध्वनि / |
| Statement of responsibility, etc | रघुवीर शरण |
| 246 ## - VARYING FORM OF TITLE | |
| Title proper/short title | Pratidhvani / |
| Remainder of title | by Radhuveer Sharan |
| 260 ## - PUBLICATION, DISTRIBUTION, ETC. (IMPRINT) | |
| Place of publication, distribution, etc | मेरठ |
| Name of publisher, distributor, etc | राष्ट्री साहित्य प्रकाशन परिषद् |
| Date of publication, distribution, etc | 1951 |
| 270 ## - ADDRESS | |
| City | मेरठ |
| 300 ## - PHYSICAL DESCRIPTION | |
| Extent | 152पृ. |
| Dimensions | 20सेमी(सजिल्द ) |
| 650 ## - SUBJECT ADDED ENTRY--TOPICAL TERM | |
| Topical term or geographic name as entry element | साहित्य--कविता |
| General subdivision | |
| 9 (RLIN) | 77804 |
| 650 ## - SUBJECT ADDED ENTRY--TOPICAL TERM | |
| Topical term or geographic name as entry element | हिंदी--कविता |
| 9 (RLIN) | 77805 |
| 650 ## - SUBJECT ADDED ENTRY--TOPICAL TERM | |
| Topical term or geographic name as entry element | Literature--Poetry |
| 9 (RLIN) | 77806 |
| 650 ## - SUBJECT ADDED ENTRY--TOPICAL TERM | |
| Topical term or geographic name as entry element | Hindi--poetry |
| 9 (RLIN) | 77807 |
| 942 ## - ADDED ENTRY ELEMENTS (KOHA) | |
| Source of classification or shelving scheme | Dewey Decimal Classification |
| Koha item type | Hindi Books |
| Classification part | 821 |
| Call number suffix | रघुवी |
| Withdrawn status | Lost status | Damaged status | Not for loan | Home library | Current library | Date acquired | Source of acquisition | Cost, normal purchase price | Total Checkouts | Full call number | Barcode | Date last seen | Copy number | Cost, replacement price | Price effective from | Koha item type |
|---|---|---|---|---|---|---|---|---|---|---|---|---|---|---|---|---|
| Central Library | Central Library | 09/09/2015 | Cen Lib/Ref | 3.00 | 821 रघुवी | 731854 | 09/09/2015 | 1 | 3.00 | 09/09/2015 | Hindi Books |
